000 00672nam a2200289Ia 4500
005 20260324150958.0
008 008 260324s9999 xx 000 0 eng d
020 _a9780203431740
037 _aEBOOK
040 _aCRL
040 _beng
040 _cCRL
041 _2eng
041 _aeng
084 _qCRL
100 _aJoseph Shaw Bolton
_91228300
245 0 _aNatural Religion
245 4 _bThe Ultimate Religion of Mankind
260 _bTaylor and Francis
260 _c1923
365 _a
365 _b180
856 _uhttp://www.taylorfrancis.com/books/9780203431740
942 _cEBOOK
999 _c1838656
_d1838656